LEADER 01381nam1 2200349 450 001 990002963150203316 005 20180308161525.0 035 $a000296315 035 $aUSA01000296315 035 $a(ALEPH)000296315USA01 035 $a000296315 100 $a2002007082005-------y0itay0103----ba 101 0 $aeng 102 $aDE 200 1 $aAdvances in intelligent computing$eInternational conference on intelligent computing, ICIC 2005$eHefei, China, August 23-26, 2005$eproceedings$fDe-Shuang Huang...[et al.](eds.) 210 $aBerlin [etc.]$cSpringer$d 2005 215 $av.$cill.$d25 cm 225 2 $aLecture notes in computer science$v3644 410 0$10010020264$12001$aLecture notes in computer science$v3644 463 \1$1001990002963580203316$12001 $aPart. 2.$eInternational conference on intelligent computing, ICIC 2005$eHefei, China, August 23-26, 2005$eproceedings 606 1 $aIntelligenza artificiale$xCongressi$yHefei$z2005 676 $a0063 702 1$aHUANG,$bDe-Shuang 710 12$aInternational conference on Intelligent Computing, ICIC 2005$e$0597884 912 $a990002963150203316 951 $a001 LNCS$bCBS$c001 959 $aBK 969 $aSCI 979 $aSENATORE$b90$c20070814$lUSA01$h1241 979 $aSENATORE$b90$c20070814$lUSA01$h1242 996 $aAdvances in intelligent computing$91500072 997 $aUNISA LEADER 02902nam 2200481 450 001 9910813462403321 005 20230213214600.0 010 $a1-283-20211-5 010 $a9786613202116 010 $a0-8264-4524-1 035 $a(CKB)2670000000107195 035 $a(EBL)743206 035 $a(OCoLC)745866757 035 $a(MiAaPQ)EBC743206 035 $a(Au-PeEL)EBL743206 035 $a(CaPaEBR)ebr11235658 035 $a(CaONFJC)MIL320211 035 $a(EXLCZ)992670000000107195 100 $a20181003d1984 uy 0 101 0 $aeng 135 $aur|n|---||||| 181 $ctxt$2rdacontent 182 $cc$2rdamedia 183 $acr$2rdacarrier 200 14$aThe rural economy of England $ecollected essays /$fJoan Thirsk 210 1$aLondon :$cHambledon Press,$d[1984] 210 4$dİ1984 215 $a1 online resource (433 p.) 300 $aDescription based upon print version of record. 311 $a0-907628-29-X 327 $aCONTENTS; I The Content and Source of English Agrarian History after 1500; II Sources of Information on Population, 1500-1760; III Unexplored Sources in Local Records; IV The Common Fields; V The Origin of the Common Fields; VI Tudor Enclosures; VII The Sales of Royalist Land during the Interregnum; VIII The Restoration Land Settlement; IX Farming in Kesteven, 1540-1640; X The Isle of Axholme before Vermuyden; XI Horn and Thorn in Staffordshire: The Economy of a Pastoral County; XII Seventeenth-Century Agriculture and Social Change; XIII Industries in the Countryside 327 $aXIV The Fantastical Folly of Fashion: The English Stocking Knitting Industry, 1500-1700XV New Crops and Their Diffusion: Tobacco-Growing in Seventeenth-Century England; XVI Projects for Gentlemen, Jobs for the Poor: Mutual Aid in the Vale of Tewkesbury, 1600-1630; XVII Stamford in the Sixteenth and Seventeenth Centuries; XVIII The Family; XIX Younger Sons in the Seventeenth Century; XX The European Debate on Customs of Inheritance, 1500-1700; XXI Horses in Early Modern England: for Service, for Pleasure, for Power 330 $aNo one has done more to emphasise the significance of the land in early modern England that Joan Thirsk, whose writings are both an important contribution to its history and point the way for future research. The subjects of this collection include the origin and nature of the common fields, Tudor enclosures, the Commonwealth confiscation of Royalist land and its subsequent return after the Restoration, inheritance customs, and the role of industries in the rural economy, among them stocking knitting. 607 $aEngland$xEconomic conditions 676 $a330.9420091734 700 $aThirsk$b Joan$0140608 801 0$bMiAaPQ 801 1$bMiAaPQ 801 2$bMiAaPQ 906 $aBOOK 912 $a9910813462403321 996 $aThe rural economy of England$94096060 997 $aUNINA